| 000 | 00624nam a2200157Ia 4500 | ||
|---|---|---|---|
| 008 | 151213s9999 xx 000 0 und d | ||
| 100 | _aপমো: আবুল কালাম আজাদ। | ||
| 245 |
_aশিক্ষাণবীশ সিভিল ও ক্রিমিন্াল গাইড _cপমো: আবুল কালাম আজাদ। |
||
| 250 | _a৮ম সং | ||
| 260 |
_aঢাকা _bআদর্শ ‘ল’ বুক হাউস। _c2006 |
||
| 300 | _a3329 p. | ||
| 650 | _aLaw | ||
| 650 | _aLaw | ||
| 700 | _aপমো: আবুল কালাম আজাদ। | ||
| 999 |
_c2261 _d2261 |
||